000 00727nam a2200289Ia 4500
005 20260324120603.0
008 008 260324s9999 xx 000 0 eng d
020 _a9781315738949
037 _aEBOOK
040 _aCRL
040 _beng
040 _cCRL
041 _2eng
041 _aeng
084 _qCRL
100 _aMartin Daniel Niemetz
_91159163
245 0 _aReforming UN Decision-Making Procedures
245 0 _bPromoting a Deliberative System for Global Peace and Security
260 _bTaylor and Francis
260 _c2015
365 _a
365 _b240
856 _uhttp://www.taylorfrancis.com/books/9781315738949
942 _cEBOOK
999 _c1750778
_d1750778